| 000 | 00565nam a2200181 b 4500 | ||
|---|---|---|---|
| 001 | 00000000065003 | ||
| 003 | OSt | ||
| 005 | 20140826213008.0 | ||
| 008 | 020226s1968 esp 000 0 spa d | ||
| 040 |
_aBU-BP _cBMC |
||
| 082 | _a822.33X3-4 | ||
| 100 |
_968 _aShakespeare, William _d1564-1616 |
||
| 245 | 1 | 3 |
_aEl rey Ricardo II ; La vida y la muerte del rey Juan _cWillian Shakespeare ; traducción, prólogo y notas de Luis Astrana Marín |
| 260 |
_aMadrid _bEspasa-Calpe _c1968 |
||
| 300 |
_a212 p. _c18 cm |
||
| 700 | 1 | 1 |
_970 _aAstrana Marín, Luis |
| 942 |
_2ddc _cBK |
||
| 999 |
_c791 _d791 |
||